LDR 00889naa#a2200193#i#450# 001 RU\INFRA-M\bibl\106548 005 20260604223605.4 011 ## _a2500-3305 100 ## _a20251025b2025####ek#y0rusy0150####ca 102 ## _aRU 200 1# _aВектор социального партнерства 
«ВУЗ – СПО – творческие союзы» _eЖурнальная статья 210 1# _aМосква _cОбщество с ограниченной ответственностью «Научно-издательский центр ИНФРА-М» _d2025 215 ## _a8 с. 608 ## _aЖурнальная статья _2local 675 ## _aОрганизация воспитания и образования. Школоведение. 371 _z 700 #1 _aИванова _gИ. В. 700 #1 _aЛукьянова _gО. Г. 700 #1 _aГолубева _gИ. В. 856 4# _anaukaru.ru _u